000 00434pab a2200181 454500
008 180718b2005 xxu||||| |||| 00| 0 eng d
100 _aOttaviano, Gianmarco I.P.
245 _aCities and cultures
260 _c2005
300 _ap.304-37.
362 _aSep
650 _aCulture
650 _aUrban areas
650 _aUrban development
700 _aPeri, Giovanni
773 _aJournal of Urban Economics
909 _a67548
999 _c67548
_d67548